00520pab a2200157 454500008004000000100002200040245005400062260000900116300001400125362001200139650002200151773005600173909001000229999001700239952010600256180718b2002 xxu||||| |||| 00| 0 eng d aPrakash, A. Surya aNeed to regulate the working of political parties c2002 ap.192-97. aJan-Dec aPolitical parties aJournal of Constitutional and Parliamentary Studies a61147 c61147d61147 00104070aIIPAbIIPAd2018-07-19hVolume no: 36, Issue no: 1-4pAR61593r2018-07-19w2018-07-19yAR